000 00649nam a2200181 4500
003 LK-CoMWRAF
005 20231214044347.0
008 231214b |||||||| |||| 00| 0 eng d
020 _a9558864005
040 _aLK-CoMWRAF
_dLK-CoMWRAF
_eLK-CoMWRAF
041 _asin
082 _a302
_bKAN
245 _aකාන්තාව :
_bමාධ්‍ය පිළිබිඹුව සහ යථාර් ථය
246 _aKanthawa : Madhya pilibimbuwa saha yatharthaya
260 _aකොළඹ :
_bවනිතා කටයුතු අමාත්‍යාංශය,
_c2003
650 _aජනමාධ්‍ය භාවිතය
942 _cBK
999 _c4437
_d4437